| 000 | 00846nmm a2200277 a 4500 | ||
|---|---|---|---|
| 001 | ocm0001256735 | ||
| 003 | TR-IsHL | ||
| 005 | 20201028160306.0 | ||
| 008 | 150709s2014 tu tur | ||
| 007 | cr cn | ||
| 020 | _a9789753555067 | ||
| 035 |
_a1256735 _b(N$T) |
||
| 050 | 0 | 4 |
_aBF575.L8 _bO93 2014 |
| 090 | 0 | 4 |
_aBF575.L8 _bO93 2014 |
| 100 | 1 | _aÖzdenören, Rasim | |
| 245 | 1 | 0 |
_aAşkın diyalektiği _h[electronic resource] / _cRasim Özdenören |
| 250 | _a8. basım | ||
| 260 |
_aİstanbul : _bİz Yayıncılık, _c2014 |
||
| 300 | _a255 p. | ||
| 650 | 4 | _aFelsefe, Psikoloji ve Din | |
| 650 | 4 | _aPhilosophy, Psychology and Religion | |
| 650 | 0 | _aAşk | |
| 650 | 0 | _aLove | |
| 650 | 7 |
_aPSYCHOLOGY / Emotions _2bisacsh |
|
| 856 | 4 | 0 | _uhttp://search.ebscohost.com/login.aspx?direct=true&scope=site&db=e011xww&AN=1256735 |
| 999 |
_c13526 _d13526 |
||